| 000 | 00514nam a2200217Ia 4500 | ||
|---|---|---|---|
| 008 | 101110s9999 xx 000 0 und d | ||
| 041 | _aENGLISH | ||
| 082 | _bSR27144 | ||
| 100 | _aKanetkar Yashvant P. | ||
| 245 | _aVisual C++ programming | ||
| 260 |
_c2005 _bBPB Pub., New delhi |
||
| 300 | _a654 | ||
| 365 | _b240 | ||
| 520 | _aComputer | ||
| 546 | _aENGLISH | ||
| 630 | _aVisual C++ programming | ||
| 650 | _aComputer | ||
| 655 | _aComputer | ||
| 730 | _aVisual C++ programming | ||
| 942 | _cBOOK | ||
| 999 |
_c819700 _d819697 |
||